000 00706cam a2200253 4500500
005 20260329005019.0
041 _afre
042 _adc
100 1 0 _aSorente, Isabelle
_eauthor
245 0 0 _aLe problème avec Saturne
260 _c2022.
500 _a56
690 _aCynisme
690 _aDilemme moral
690 _aHéritage
690 _aIsabelle Sorente
690 _aMorale
690 _aMythologie
690 _aPaternité
690 _aSéries télé
690 _aTransmission
786 0 _nPhilosophie magazine | 157 | 3 | 2022-03-01 | p. 20-20 | 1951-1787
856 4 1 _uhttps://shs.cairn.info/magazine-philosophie-magazine-2022-3-page-20?lang=fr&redirect-ssocas=7080
999 _c1839457
_d1839457